Coming to public judgment : making democracy work in a complex world

Αποθηκεύτηκε σε:
Λεπτομέρειες βιβλιογραφικής εγγραφής
Κύριος συγγραφέας: Yankelovich, Daniel
Μορφή: Βιβλίο
Γλώσσα:English
Δημοσίευση: Syracuse, N.Y. : Syracuse University Press, 1991
Σειρά:Frank W. Abrams lectures
Θέματα:
Ετικέτες: Προσθήκη ετικέτας
Δεν υπάρχουν, Καταχωρήστε ετικέτα πρώτοι!

MARC

LEADER 00000nam a2200000 i 4500
001 1/36242
008 061025s1991 eng d
020 |a 0-8156-0254-5 (paper) 
035 |l 10085766 
040 |a GR-MY-UA  |b gre  |e aacr 
041 0 |a eng 
082 0 |a 303.38  |2 (22) 
100 1 |a Yankelovich, Daniel. 
245 1 0 |a Coming to public judgment :  |b making democracy work in a complex world /  |c Daniel Yankelovich 
260 |a Syracuse, N.Y. :   |b Syracuse University Press,   |c 1991 
300 |a xiv, 290 σ.;  |c 23 εκ. 
490 1 |a The Frank W. Abrams Lectures 
504 |a Βιβλιογραφία: (σ. 275-281). Ευρετήριο 
650 0 0 |a Public opinion  |z United States. 
650 0 0 |a Public opinion. 
650 0 0 |a Democracy. 
830 0 |a Frank W. Abrams lectures 
852 |a INST  |b SYROS  |e 20061025  |h 303.38 YAN  |p 005500007207  |q 005500007207  |t BK  |y 0 
901 |a BIBL5-2007-2 
909 |a Ε  |b 129617 
922 |a 5ΕΛΗ  |b 200610  |c ΒΙΒΛΙΟΘΗΚΗ ΣΥΡΟΥ  |d ΜΙΧΑΛΟΠΟΥΛΟΣ 
950 |a 188-2006-09-18 
970 |a ΚΟΝΤΟΥ  |b ΠΑΡΑΣΚΕΥΗ  |z 2007/08/24